| 000 | 01051cam a22002774a 4500 | ||
|---|---|---|---|
| 001 | 189658 | ||
| 005 | 19990928140438.0 | ||
| 008 | 981216s1998 cau b 000 0 eng | ||
| 010 | _a 98232092 | ||
| 020 | _a0838479006 | ||
| 040 |
_aDLC _cDLC _dDLC |
||
| 042 | _apcc | ||
| 050 | 0 | 0 |
_aLB1028.24 _b.F74 1998 |
| 082 |
_222 _a370.72 _bFRE |
||
| 100 | 1 |
_aFreeman, Donald. _98995 |
|
| 245 | 1 | 0 |
_aDoing Teacher Research : _bfrom Inquiry to Understanding / _cDonald Freeman. |
| 260 |
_aPacific Grove : _bHeinle & Heinle, _cc1998. |
||
| 300 |
_ax, 258 p. : _bill. ; _c24 cm. |
||
| 440 | 0 |
_aTeacherSource _98996 |
|
| 440 | 0 |
_aNewbury House teacher development _98997 |
|
| 504 | _aIncludes bibliographical references (p. 253-258). | ||
| 650 | 0 |
_aAction research in education. _98998 |
|
| 942 |
_2ddc _cBB |
||
| 999 |
_c12820 _d12820 |
||